| 000 | 01172nam a22002057a 4500 | ||
|---|---|---|---|
| 003 | BD-DhUL | ||
| 005 | 20170228093524.0 | ||
| 008 | 170228b1998 B a|||| |||| 00| 0 B d | ||
| 040 |
_aBD-DhUL _cBD-DhUL |
||
| 082 |
_a305.5633 _bHOR |
||
| 100 | 1 | _aআবুল হোসেন, মোহাম্মদ | |
| 245 | 0 | 0 |
_aরাণীশংকৈলের (দিনাজপুর) কৃষক আন্দোলন : _bএকটি সামাজিক সমীক্ষা / _cমোহাম্মদ আবুল হোসেন _h[অভিসন্দর্ভ এমফিল] |
| 260 |
_aঢাকা : _bঢাকা বিশ্ববিদ্যালয়, _c১৯৯৮. |
||
| 300 |
_a১২৩ পৃ. : _bচিত্র ; _c২৯ সে. মি. |
||
| 500 | _aঅভিসন্দর্ভ (এম.ফিল.)-- সমাজ বিজ্ঞান বিভাগ, ঢাকা বিশ্ববিদ্যালয়, ১৯৯৮। | ||
| 504 | _aগ্রন্থপঞ্জী সংবলিত | ||
| 650 | 4 |
_aকৃষক বিদ্রোহ _xবাংলাদেশ |
|
| 650 | 4 |
_aPeasant Revolt _xBangladesh |
|
| 942 |
_2ddc _cREF |
||
| 999 |
_c158801 _d158801 |
||